000 00371nam a22001217a 4500
008 190312b xxu||||| |||| 00| 0 eng d
041 _aeng
080 _a043.3
100 _a0
101 _aSHP-BA
245 _aIndividual Similarities and regional differences: The impact of 2015 refugee crisis on Europeans' attitudes toward immigration
_cBllaca,L.K
942 _2udc
_cBK
999 _c54711
_d54711